Name The Ringer's Top 100 NBA Players - Statistics

General Stats
  • This quiz has been taken 33 times
  • The average score is 78 of 100
Answer Stats
Rank Name Team % Correct
10 Anthony Davis Los Angeles Lakers
100%
11 Devin Booker Phoenix Suns
100%
50 Draymond Green Golden State Warriors
100%
3 Giannis Antetokounmpo Milwaukee Bucks
100%
66 Jalen Green Houston Rockets
100%
7 Jayson Tatum Boston Celtics
100%
15 Jimmy Butler Miami Heat
100%
5 Joel Embiid Philadelphia 76ers
100%
6 Kawhi Leonard Los Angeles Clippers
100%
9 Kevin Durant Phoenix Suns
100%
12 LeBron James Los Angeles Lakers
100%
2 Luka Doncic Dallas Mavericks
100%
1 Nikola Jokic Denver Nuggets
100%
4 Shai Gilgeous-Alexander Oklahoma City Thunder
100%
8 Stephen Curry Golden State Warriors
100%
16 Victor Wembanyama San Antonio Spurs
100%
14 Anthony Edwards Minnesota Timberwolves
97%
23 Bam Adebayo Miami Heat
97%
26 Damian Lillard Milwaukee Bucks
97%
53 Dejounte Murray Atlanta Hawks
97%
24 Domantas Sabonis Sacramento Kings
97%
19 Donovan Mitchell Cleveland Cavaliers
97%
13 Jalen Brunson New York Knicks
97%
18 Jamal Murray Denver Nuggets
97%
38 James Harden Los Angeles Clippers
97%
31 Ja Morant Memphis Grizzlies
97%
45 Jaren Jackson Jr. Memphis Grizzlies
97%
25 Jaylen Brown Boston Celtics
97%
30 Kyrie Irving Dallas Mavericks
97%
21 Paul George Los Angeles Clippers
97%
35 Trae Young Atlanta Hawks
97%
20 Zion Williamson New Orleans Pelicans
97%
22 De'Aaron Fox Sacramento Kings
94%
42 Derrick White Boston Celtics
94%
37 Jalen Williams Oklahoma City Thunder
94%
27 Karl-Anthony Towns Minnesota Timberwolves
94%
40 Pascal Siakam Indiana Pacers
94%
67 Coby White Chicago Bulls
91%
47 Jrue Holiday Boston Celtics
91%
39 Kristaps Porzingis Boston Celtics
91%
56 LaMelo Ball Charlotte Hornets
91%
33 Paolo Banchero Orlando Magic
91%
17 Tyrese Haliburton Indiana Pacers
91%
32 Tyrese Maxey Philadelphia 76ers
91%
29 Brandon Ingram New Orleans Pelicans
88%
100 Grayson Allen Phoenix Suns
88%
48 Jarrett Allen Cleveland Cavaliers
88%
78 Zach LaVine Chicago Bulls
88%
65 Bradley Beal Phoenix Suns
85%
60 Khris Middleton Milwaukee Bucks
85%
34 Rudy Gobert Minnesota Timberwolves
85%
36 Scottie Barnes Toronto Raptors
85%
57 Aaron Gordon Denver Nuggets
82%
62 Brook Lopez Milwaukee Bucks
82%
41 Chet Holmgren Oklahoma City Thunder
82%
49 DeMar DeRozan Chicago Bulls
82%
55 Franz Wagner Orlando Magic
82%
44 Julius Randle New York Knicks
82%
63 Michael Porter Jr. Denver Nuggets
82%
43 Alperen Sengun Houston Rockets
79%
46 Desmond Bane Memphis Grizzlies
79%
59 Evan Mobley Cleveland Cavaliers
79%
61 Fred VanVleet Houston Rockets
79%
52 Mikal Bridges Brooklyn Nets
79%
58 Cade Cunningham Detroit Pistons
76%
51 Darius Garland Cleveland Cavaliers
76%
64 CJ McCollum New Orleans Pelicans
73%
54 OG Anunoby New York Knicks
73%
71 Jalen Johnson Atlanta Hawks
70%
72 Anfernee Simmons Portland Trail Blazers
67%
85 Kyle Kuzma Washington Wizards
67%
80 Myles Turner Indiana Pacers
67%
76 Tyler Herro Miami Heat
64%
68 Alex Caruso Chicago Bulls
61%
94 Mike Conley Minnesota Timberwolves
61%
77 Austin Reaves Los Angeles Lakers
58%
69 Herb Jones New Orleans Pelicans
58%
73 Jaden McDaniels Minnesota Timberwolves
58%
83 D'Angelo Russell Los Angeles Lakers
55%
70 Jerami Grant Portland Trail Blazers
55%
28 Lauri Markannen Utah Jazz
55%
99 Brandon Miller Charlotte Hornets
52%
82 Dillon Brooks Houston Rockets
52%
84 Kentavious Caldwell-Pope Denver Nuggets
52%
74 Jalen Suggs Orlando Magic
48%
92 RJ Barrett Toronto Raptors
48%
98 Isaiah Hartenstein New York Knicks
45%
79 Naz Reid Minnesota Timberwolves
45%
75 Devin Vassell San Antonio Spurs
42%
87 Marcus Smart Memphis Grizzlies
42%
95 Nic Claxton Brooklyn Nets
42%
89 Norman Powell Los Angeles Clippers
39%
90 Tobias Harris Philadelphia 76ers
39%
96 Collin Sexton Utah Jazz
36%
93 Jabari Smith Jr. Houston Rockets
36%
88 Immanuel Quickley Toronto Raptors
33%
91 Malcolm Brogdon Portland Trail Blazers
30%
86 Trey Murphy III New Orleans Pelicans
30%
81 Jonathan Kuminga Golden State Warriors
27%
97 Terry Rozier Miami Heat
24%
No matching quizzes found
Score Distribution
Percent of People with Each Score
Percentile by Number Answered
Your Score History
You have not taken this quiz